Normal view
MARC view
- Parrinello, Rosa Maria,
Entry Personal Name
001 - CONTROL NUMBER
- control field: 57012
003 - CONTROL NUMBER IDENTIFIER
- control field:
005 - DATE AND TIME OF LATEST TRANSACTION
- control field: 20180505165622.0
008 - FIXED-LENGTH DATA ELEMENTS
- fixed length control field: 180505|| aca||aabn | a|a d
040 ## - CATALOGING SOURCE
- Original cataloging agency:
- Transcribing agency:
100 ## - HEADING--PERSONAL NAME
- Personal name: Parrinello, Rosa Maria,
- Relator term: ed.
670 ## - SOURCE DATA FOUND
- Source citation: Work cat.: ()0: Maximus Confessor, s., 580-662. 57011, Mistagogia /, ©2016.